000 00679nam a22002177a 4500
003 UA-OsUOA
001 60282
007 ta
008 20090513b un ||||| |||| 00| 0 ukr d
100 _aБетко І.
090 _a82
_bБ54
942 _cSA
040 _aUA-OsUOA
_bukr
_cUA-OsUOA
_dUA-OsUOA
245 _aАрхетипальна постать блазня в українській постмодерній прозі (на прикладі творів Ю. Андруховича та ін.)
300 _aС.54-64
955 _a0
041 _aukr
080 _a82
773 0 _w60277
650 7 _a82 Література. Літературознавство
_2UDC
999 _c346118
_d346118